000 nam a22 7a 4500
999 _c50232
_d50232
003 OSt
005 20201102125828.0
008 201102b xxu||||| |||| 00| 0 eng d
040 _cSERO SOFT
100 _aLAL,RAMAN BIHARI
245 _aGROWING UP AS A LEARNER
260 _bR.LALL BOOK DEPOT MEERUT
300 _a185
942 _2ddc
_c02